banner-ar

كتالوج المتحف المصرى للاطفال : (Record no. 59779)

MARC details
000 -الفاتح
حقل البيانات ثابتة الطول 00807nam a22002177a 4500
005 - وقت وتاريخ اخر تعامل مع التسجيلة
رقم الضبط 20240530110335.0
008 - عناصر البيانات ثابتة الطول - معلومات عامة
حقل البيانات ثابتة الطول 140907s2004 ua g 000 0 ara d
017 ## - رقم الايداع القانونى
رقم الايداع القانونى 8211/2004
020 ## - الرقم الدولى المعيارى للكتب
الرقم الدولى المعيارى للكتاب 977305733x
040 ## - مصدر الفهرسة
وكالة الفهرسة الأصلية EG-CaGPL
082 04 - رقم تصنيف ديوى العشرى
رقم الطبعة 21
رقم التصنيف ا069.150962
رقم المادة ط/أ ك
100 0# - المدخل الرئيسى - إسم شخصى
الإسم الشخصى انجي فايد
الدور معد
245 10 - بيان العنوان
العنوان كتالوج المتحف المصرى للاطفال :
بقية العنوان من الطفل الى الطفل /
بيان المسئوليه,etc انجي فايد
260 ## - PUBLICATION, DISTRIBUTION, ETC. (IMPRINT)
تاريخ النشر أو التوزيع 2004
300 ## - الوصف المادى
التعداد 53ص ،
تفاصيل ماديه اخرى للوعاء ايض صور لو ؛
أبعاد الوعاء 24 سم
490 ## - بيان السلسلة
عنوان السلسلة سلسه الثقافه الاثريه اعرف حضاره بلدك
رقم المجلد/ التعيين التسلسلي 4
650 07 - المدخل الاضافى بالموضوع-مصطلح موضوعى
مصطلح موضوعي المتحف المصرى
650 07 - المدخل الاضافى بالموضوع-مصطلح موضوعى
مصطلح موضوعي قصص الاطفال
700 0# - المدخل الاضافى - اسم شخصى
الإسم الشخصى زاهي حواس
الدور مشرف
942 ## - عناصر المدخل الإضافي( كوها)
مصدر التصنيف او مخطط الترفيف Dewey Decimal Classification
Koha [default] item type كتاب
260 ## - PUBLICATION, DISTRIBUTION, ETC. (IMPRINT)
-- القاهره :
-- المجلس الاعلي للاثار ،
Holdings
حالة التراجع حالة الفقد حالة تلف ليس للاعارة المكان المؤقت الموقع الحالى تاريخ الاكتساب اجمالي اﻻعارات رقم الطلب الباركود تاريخ اخر مشاهدة تاريخ تفعيل السعر نوع وعاء كوها
        مكتبة القاهرة الكبرى مكتبة القاهرة الكبرى 09/07/2014   ا069.150962 ط/ا ك 158702 09/07/2014 09/07/2014 كتاب

Powered By

EGPV